000 00611nam a2200265Ia 4500
005 20260306153452.0
008 008 260114s9999 xx 000 0 eng d
020 _a9780511489754
037 _aEBOOK
040 _aCRL
040 _beng
040 _cCRL
041 _2eng
041 _aeng
084 _qCRL
100 _aMasataka
_91125531
245 4 _aThe Onset of Language
250 _a1st ed
260 _bCambridge University Press
260 _c2010
650 _aLinguistics
856 _uhttps://doi.org/10.1017/CBO9780511489754
942 _cEBOOK
999 _c1703613
_d1703613